000 00721ntaaa2200253 4500
003 01
005 20251027201550.0
008 0714s1973 ag 01
040 _aAR-BaBN
_bspa
_cAR-BaBN
_eaacr
_dRIC
082 _a230.0000 C15
100 _aCampbell, Robert
_914324
245 _aSpectrum of Protestant Beliefs
250 _a1 ed.
260 _aMilwaukee :
_bThe Bruce Publishing Company,
_cc1968
300 _axiv, 106 p.
500 _adiferentes puntos de vista sobre el pecado, sexo, comunismo, Satanás, divorcio, etc.
650 _aTeología-Pecado
650 _aÉtica Social
_91916
650 _aComunismo
_92897
650 _aDivorcio
_93992
650 _aSexo
650 _aSatanás
_95682
942 _cBK
999 _c10270
_d10270